01468cam a2200313 a 4500999001700000001000700017005001700024008004100041010001700082020002200099040001800121043001200139050002800151100003000179245007700209260011300286300002900399490006700428500015600495504003000651504004700681600004700728650006900775700002800844710005700872830006800929942003400997952012301031 c23431d2343190068420170126112107.0821026s1982 nyua bc 000 0 eng  a 81086155  a0847804283 (pbk.) aDLCcDLCdDLC an-us---00aNA737 b .L45A4 19821 aHubert, Christian,d1948-10aWilliam Lescaze /cessays by Christian Hubert and Lindsay Stamm Shapiro. aNew York, N.Y. :bInstitute for Architecture and Urban Studies :bRizzoli International Publications,c1982. a126 p. :bill. ;c25 cm.1 aCatalogue / Institute for Architecture and Urban Studies ;v16 a"This exhibition will travel to Joe and Emily Lowe Art Gallery, School of Art, Syracuse University, December 17, 1982 to February 6, 1983"--T.p. verso. aBibliography: p. 118-123. a"Writings by William Lescaze": p. 124-125.10aLescaze, William,d1896-1969vExhibitions. 0aArchitecturezUnited StatesxHistoryy20th centuryvExhibitions.1 aShapiro, Lindsay Stamm.2 aJoe and Emily Lowe Art Gallery (Syracuse University) 0aCatalogue (Institute for Architecture and Urban Studies) ;v16. 2lcccBOOKShNA737 .L45A4 1982 00102lcc4070aMUCbMUCcTECHd2017-01-26eDonation(BFA)l0oNA737 .L45A4 1982p32348r2018-07-10w2017-01-26yBOOKS